[Event "Titled Tuesday intern op 18th May"]
[Site "Chess.com INT"]
[Date "2021.05.18"]
[Round "10"]
[White "Samunenkov, Igor"]
[Black "Barbero Sendic, Alejandro"]
[Result "1-0"]
[WhiteElo "2335"]
[BlackElo "2322"]
[PlyCount "101"]
[EventDate "2021.05.18"]
[EventType "swiss (blitz)"]
[EventRounds "11"]
[EventCountry "USA"]
[SourceTitle "CBM 202 Extra"]
[Source "ChessBase"]
[SourceDate "2021.07.31"]
[SourceVersion "1"]
[SourceVersionDate "2021.07.31"]
[SourceQuality "1"]

1. d4 e6 2. e4 d5 3. Nd2 c5 4. exd5 exd5 5. Ngf3 Nc6 6. Bb5 Qe7+ 7. Qe2 Qxe2+ 8. Kxe2 cxd4 9. Nxd4 Bd7 10. N2f3 f6 11. Re1 Kf7 12. Kf1 Bc5 13. Nb3 Bb6 14. Be3 Nge7 15. Bxb6 axb6 16. c3 Bf5 17. Nbd4 Be4 18. a3 Rhc8 19. Rad1 Na5 20. Nd2 Bg6 21. Re3 Nac6 22. Rde1 Nf5 23. Nxf5 Bxf5 24. Nf3 Re8 25. Rxe8 Rxe8 26. Rxe8 Kxe8 27. Nd4 Bd7 28. Nc2 Ne5 29. Be2 Ke7 30. Ke1 Kd6 31. Kd2 Bg4 32. f3 Bd7 33. Ke3 b5 34. Nb4 Nc4+ 35. Bxc4 dxc4 36. Kd4 Bc6 37. Nc2 g5 38. Ne3 Bd7 39. g3 h5 40. f4 gxf4 41. gxf4 h4 42. Nd5 Ke6 43. Ne3 Bc6 44. Kc5 f5 45. Nc2 Kf6 46. Nd4 Bd7 47. Nxb5 Kg6 48. Nd6 h3 49. Nxc4 Kh5 50. Ne5 Ba4 51. b4 1-0

[Event "Barcelona Canovelles op"]
[Site "Barcelona"]
[Date "2020.12.30"]
[Round "5"]
[White "Barbero Sendic, Alejandro"]
[Black "Salinas Tomas, Daniel"]
[Result "1-0"]
[WhiteElo "2322"]
[BlackElo "1976"]
[PlyCount "45"]
[EventDate "2020.12.27"]
[EventType "swiss"]
[EventRounds "7"]
[EventCountry "ESP"]
[SourceTitle "CBM 200 Extra"]
[Source "ChessBase"]
[SourceDate "2021.03.31"]
[SourceVersion "1"]
[SourceVersionDate "2021.03.31"]
[SourceQuality "1"]

1. e4 c5 2. Nf3 e6 3. g3 Nc6 4. Bg2 Nf6 5. Qe2 d6 6. 0-0 Be7 7. c3 e5 8. Na3 0-0 9. Nc4 Re8 10. a4 Bf8 11. d3 Na5 12. Nfd2 Nxc4 13. Nxc4 d5 14. exd5 Nxd5 15. Nxe5 f6 16. Nf7 Qd7 17. Qh5 Nc7 18. Bf4 Ne6 19. Be4 h6 20. Qg6 Ng5 21. Bxg5 hxg5 22. Qh7+ Kxf7 23. Bg6+ 1-0

[Event "Titled Tuesday intern op 15st Dec"]
[Site "Chess.com INT"]
[Date "2020.12.15"]
[Round "5"]
[White "Barbero Sendic, Alejandro"]
[Black "Lehtosaari, Mauri"]
[Result "0-1"]
[WhiteElo "2322"]
[BlackElo "2199"]
[PlyCount "40"]
[EventDate "2020.12.15"]
[EventType "swiss (blitz)"]
[EventRounds "11"]
[EventCountry "USA"]
[SourceTitle "CBM 199 Extra"]
[Source "ChessBase"]
[SourceDate "2021.01.31"]
[SourceVersion "1"]
[SourceVersionDate "2021.01.31"]
[SourceQuality "1"]

1. e4 c5 2. Nf3 e6 3. g3 Nc6 4. Bg2 d6 5. 0-0 Nf6 6. Nc3 Be7 7. d4 cxd4 8. Nxd4 0-0 9. Nxc6 bxc6 10. Na4 Ba6 11. Re1 d5 12. e5 Nd7 13. b3 Re8 14. Bb2 c5 15. c4 d4 16. Bxa8 Qxa8 17. f4 Qc6 18. Qd2 Bb7 19. Kf1 Qh1+ 20. Ke2 Qf3# 0-1